000 00552cab a2200217 4500
001 WB3234-63
008 090401t1996 xxu||||| |||| 00| 0 eng d
035 _a(Sirsi) u58001
041 _aeng
245 _aBirmingham and West Midlands
260 _c1996
300 _aLOAN
350 _a0
490 _aFinancial Times
_v9 September 1996 (Supplement)
520 _aEconomic survey of Birmingham and the West Midlands.
650 _aBIRMINGHAM
650 _aWEST MIDLANDS
690 _aSPECIAL REPORTS
942 _n0
948 _c04/03/1997
999 _c35392
_d35392